LDR 00938naa#a2200157#i#450# 001 RU\\bibl\19777 005 20260603055218.3 100 ## _a20260601b2026####ek#y0rusy0150####ca 102 ## _aRU 200 1# _aАНТРОПОГЕННАЯ ДИНАМИКА ЛЕСНЫХ ЭКОСИСТЕМ В ПРОЦЕССЕ ОЗЕЛЕНЕНИЯ ОЛИМПИЙСКИХ КОМПЛЕКСОВ _eСтатья/тезисы конференции 210 1# _aВоронеж _cВоронежский государственный лесотехнический университет имени Г.Ф. Морозова _d2026 215 ## _a6 с. 608 ## _aСтатья/тезисы конференции _2local 675 ## _aЛесное хозяйство. Лесоводство. 630 _aОхрана окружающей среды. Управление качеством окружающей среды .. 504.06 _z 700 #1 _aПодласкина _gС. Ю. 856 4# _abibl.vgltu.ru _u